000 00442nam a22001457a 4500
003 OSt
005 20260324124909.0
008 211116b ||||| |||| 00| 0 eng d
040 _cAIMIT LIBRARY
100 _aPereira, Nikhil S X; Thomas, C G.
_d191824
_910503
245 _aFoot Traffic Counter /
260 _aConvergent Software Systems inc.(TDSS), Carlsbad C A.
_bC G Thomas.
_c2021
856 _uhttp://www.tdssinc.com
942 _2ddc
_cPRO
999 _c220632
_d220632